00901nam a22002537a 45000010005000000030006000050050017000110080041000280200018000690400029000870500014001160820008001301000018001382450083001562600037002393000045002764900021003215050008003425200194003505210020005445210020005646500028005847000035006125110FISKH20241107103234.0241106b cb ||||| |||| 00| 0 eng d a9780439944496 aFISKHbengcFISKHdFISKH aPZ10.A664 a612 aArnold, Nick  aBlood, Bones and Body Bits /cby Nick Arnold : illustrated by Tony De Saulles  aNew York : bScholastic ;c1996. a171 pages : billustrations ; c21 cm .  aHorrible Science aQ  aScience with the squishy bits left in! Are you dying to find out where your food goes? What happens when a boil bursts? Why dead people need a haircut? Which animals live on your eyelashes?8 a890 bLexile 8 aQ bRaz-Plus  ahuman bodyvnon-fiction aSaulles, Tony Deeillustrator